| 000 | 01260nam0a2200325 4500 | ||
|---|---|---|---|
| 001 | RU\NLR\bibl\1382505 | ||
| 005 | 20250615193828.0 | ||
| 010 |
_a978-5-86629-113-7 _91000 |
||
| 021 |
_aRU _b2009-30780 _91851 |
||
| 035 | _a(nilc)RSL-KNO-004314410 | ||
| 035 | _a(NLR Aleph) 001374583 | ||
| 090 |
_a1063249 _c1063249 |
||
| 100 | _a20090410d2009 |||y0rusy50 ca | ||
| 101 | 0 | _arus | |
| 102 | _aRU | ||
| 105 | _ay ||||||||| | ||
| 200 | 1 |
_aКак защитить трудовые права и законные интересы членов профсоюза _e(методическое пособие) _f[Т. П. Гормашова] |
|
| 210 |
_aМосква _cНаучный центр профсоюзов _d2009 |
||
| 215 |
_a68 с. _d21 |
||
| 606 | 1 |
_aТрудовые права _jМетодические пособия _xЗащита _xУчастие профсоюзов _yРоссийская Федерация _92355040 _3RU\NLR\auth\661406738 |
|
| 686 |
_aХ627.01,07 _2rubbk |
||
| 686 | _aФ72(2)274-331.2я7 | ||
| 686 | _aХ627я7 | ||
| 702 | 1 |
_aГормашова _bТ. П. _4220 |
|
| 801 | 0 |
_aRU _bРКП _c20090410 _grcr |
|
| 801 | 1 |
_aRU _bРГБ _c20090410 |
|
| 801 | 2 |
_aRU _bNLR _c20090617 _grcr |
|
| 942 | _cBOOK | ||
| 980 | _aNB | ||